| 000 | 00572nam a22001937a 4500 | ||
|---|---|---|---|
| 005 | 20160112100917.0 | ||
| 010 | _aENG-114419 | ||
| 020 | _c205.00 | ||
| 035 | _aEN-97951 | ||
| 037 | _bDBAD/PUB | ||
| 082 | _a532.2 | ||
| 100 | _aMollah, S.A. | ||
| 245 |
_aHydrostatics / _cby S.A. Mollah |
||
| 260 |
_aKolkata _bBooks And Allied _c2012 |
||
| 270 |
_aNo. 1-E(1), 'Shubham Plaza' (1st Floor) 83/1, Beliaghata Main Road _bKolkata _e700010 |
||
| 300 |
_a259p. _c24cm(pbk) |
||
| 500 | _aIncludes bibliographical references | ||
| 942 |
_2ddc _cEN _mMOL _h532.2 |
||
| 999 |
_c97977 _d97977 |
||